000 00215nam a22000977a 4500
008 170105b xxu||||| |||| 00| 0 eng d
041 _aeng
080 _a618.2
245 _aTHE BASICS
_cKAPLAN NURSING
942 _2udc
_cBK
999 _c2542
_d2542